000 00505nam a22001457a 4500
999 _c13860
_d13860
008 190426b ||||| |||| 00| 0 eng d
082 _22019
_aUT 1251
_bSu24
100 _aSuerte, Anthony A.
_938566
245 _aTracer study of BTTE-FSM graduates from 2014-2017 /
_cAnthony A. Suerte and Karen L. Cernal.
260 _aDigos City:
_bUMDC
_cMarch 2019.
300 _a56 pages;
_c29 cm.
650 _aTechnical Education
_xUndergraduate thesis.
_938567
700 _aCernal, Karen L.
_938568
942 _2ddc
_cUT